Conclusion and recommendations of the symposium on "Future Metropolitan Land - Use Transport Structure of Delhi" 12th December 1983, I.I.T. Delhi (Record no. 12848)

000 -LEADER
fixed length control field 00471pab a2200133 454500
008 - FIXED-LENGTH DATA ELEMENTS--GENERAL INFORMATION
fixed length control field 180718b1984 xxu||||| |||| 00| 0 eng d
100 ## - MAIN ENTRY--PERSONAL NAME
Personal name Agarwal, A.L.
245 ## - TITLE STATEMENT
Title Conclusion and recommendations of the symposium on "Future Metropolitan Land - Use Transport Structure of Delhi" 12th December 1983, I.I.T. Delhi
260 ## - PUBLICATION, DISTRIBUTION, ETC.
Date of publication, distribution, etc. 1984
300 ## - PHYSICAL DESCRIPTION
Extent 34-5
650 ## - SUBJECT ADDED ENTRY--TOPICAL TERM
Topical term or geographic name entry element Local Transportation - India - Delhi
773 ## - HOST ITEM ENTRY
Main entry heading Indian Review of Management and Future
909 ## -
-- 12848
Holdings
Withdrawn status Lost status Damaged status Not for loan Permanent Location Current Location Date acquired Serial Enumeration / chronology Barcode Date last seen Price effective from Koha item type
        Indian Institute of Public Administration Indian Institute of Public Administration 2018-07-19 Issue no: 2 AR12891 2018-07-19 2018-07-19 Articles

Powered by Koha